000 00678nam a2200217Ii 4500
003 JO-AjNU
008 230605s9999||||xx |||||||||||||| ||und||
017 _a1996/9050
020 _a977-04-1747-5
040 _aJO-AjNU
_bara
_erda
_cJO-AjNU
041 _aara
050 1 4 _aHC533.S36.1996
100 3 _aالسقا، محمد ابراهيم طه,
_eauthor
_939709
245 0 0 _aالاقتصاد الخفي في مصر
264 3 1 _aالقاهرة:مكتبة النهضة المصرية،1996
300 _a305ص
336 _atext
_btxt
_2rdacontent
337 _aunmediated
_bn
_2rdamedia
338 _avolume
_bnc
_2rdacarrier
650 4 _aالاقتصاد-مصر
_939710
999 _aA16793
_c20361
_d20361